Statistics for March 3rd in History

Click here to take the quiz!

General Stats

  • This quiz has been taken 4 times
  • The average score is 2 of 6

Answer Stats

YearHintAnswer% Correct
1847This inventor is born in Edinburgh, Scotland.Alexander Graham Bell
100%
1934This American bank robber escapes prison in Crown Point, IndianaJohn Dillinger
25%
2005This American Navigator becomes the first person to complete a solo nonstop navigation of EarthSteve Fossett
25%
1923The first issue of this American weekly magazine is publishedTime Magazine
25%
1820This man helps win passage of the Missouri Compromise.Henry Clay
0%
1671The Paris Opéra Opens with a performance of Pomone by this composer.Robert Cambert
0%

Score Distribution

Percentile by Number Answered

Percent of People with Each Score

Your Score History

You have not taken this quiz